000 00599nam a22002177a 4500
003 BPGM
008 250618b mx ||||| |||| 00| 0 spa d
040 _bspa
110 _aBETTER THAN BROCOLI BOOKS
245 _a¿QUIÉN SOY YO? MASCOTAS :
300 _a8 páginas ;
_c10.6 X 15.2CM
336 _2rdacontent
_atexto
_btxt
337 _2rdamedia
_asin mediación
_bn
338 _2rdacarrier
_avolumen
_bnc
490 0 _a¿QUIÉN SOY YO?
505 _aLITERATURA INFANTIL
650 _2CIENCIAS NATURALES
651 _aANIMALES
700 _aSALAMA MOISÉS
_eTRADUCCIÓN
942 _2ddc
_cCOMP
999 _c67733
_d67733